000 00673nam a2200205Ii 4500
003 JO-AjNU
008 230605s9999||||xx |||||||||||||| ||und||
040 _aJO-AjNU
_bara
_erda
_cJO-AjNU
041 _aara
050 1 4 _aBP135.A3.M8324 1985
100 3 _aعبد الوهاب،محمد,
_eauthor
_918116
245 0 0 _aنصيحة المسلمين بأحاديث خاتم المرسلين
250 _aط1
264 3 1 _a بيروت: دار الكتب العلمية، 1985
300 _a135ص
336 _atext
_btxt
_2rdacontent
337 _aunmediated
_bn
_2rdamedia
338 _avolume
_bnc
_2rdacarrier
650 4 _aالاسلام - الحديث النبوي
_918117
999 _aA5733
_c9301
_d9301